| 000 | 00485nam a2200157Ia 4500 | ||
|---|---|---|---|
| 008 | 230917s9999||||xx |||||||||||||| ||und|| | ||
| 020 | _c₹ 250.00 | ||
| 040 |
_e5016578 _aMAIN |
||
| 041 | _aEnglish | ||
| 082 | _a891.431731 CR392J | ||
| 100 | _aचांदना , रूप नारायण | ||
| 245 | 0 | _aझरोके यादों के | |
| 260 |
_aकरनाल _bरूप नारायण चांदना 'रूप' _c2017 |
||
| 300 | _a144 p. | ||
| 942 | _cBK | ||
| 999 |
_c10857 _d10857 |
||